000 00486nam a2200181 4500
001 121347
003 ES-MaACL
005 20250822063200.0
007 t|
008 070214s1957 sp r ||||1| spa d
100 1 _aPla, Josep,
_d1897-1981
_9164614
245 1 0 _aHistorias del Ampurdán /
_cJosep Pla.
250 _a1ª ed.
260 _aBarcelona :
_bJuventud,
_c1957.
300 _a206 p. ;
_c22 cm.
852 _aES-MaACL
_jC-12950
_bR.41271
999 _c121347
_d121347